A handbook for Surgical Approaches to Maxillofacial Trauma (Record no. 24765)
[ view plain ]
| 000 -LEADER | |
|---|---|
| fixed length control field | 00453nam a22001577a 4500 |
| 003 - CONTROL NUMBER IDENTIFIER | |
| control field | SGT |
| 020 ## - INTERNATIONAL STANDARD BOOK NUMBER | |
| International Standard Book Number | 9789385891557 |
| 082 ## - DEWEY DECIMAL CLASSIFICATION NUMBER | |
| Classification number | 617.525 |
| Item number | H16Y |
| 100 ## - MAIN ENTRY--PERSONAL NAME | |
| Personal name | Yadav, Rajesh |
| 245 ## - TITLE STATEMENT | |
| Title | A handbook for Surgical Approaches to Maxillofacial Trauma |
| 260 ## - PUBLICATION, DISTRIBUTION, ETC. (IMPRINT) | |
| Place of publication, distribution, etc | New Delhi, India |
| Name of publisher, distributor, etc | Jaypee Brothers Pub. |
| Year of Publication | 2016 |
| 300 ## - PAGE DESCRIPTION | |
| No. of Pages | 204 |
| 650 ## - SUBJECT ADDED ENTRY--TOPICAL TERM | |
| Topical term or geographic name as entry element | Oral & Maxillofacial Surgery |
| 653 ## - KEYWORDS--INDEX TERM | |
| Keyword term | Oral & Maxillofacial Surgery; Maxillofacial Trauma |
| 942 ## - ADDED ENTRY ELEMENTS (KOHA) | |
| Source of classification or shelving scheme | Dewey Decimal Classification |
| Koha item type | Books |
| Withdrawn status | Lost status | Source of classification or shelving scheme | Damaged status | Not for loan | Home library | Current library | Shelving location | Date acquired | Vendor Name | SGTU | Bill Number | Full call number | Accession No. (Barcode) | Date last seen | Bill Date | Koha item type |
|---|---|---|---|---|---|---|---|---|---|---|---|---|---|---|---|---|
| Dewey Decimal Classification | SGT Dental Library | SGT Dental Library | Reference Book | 10/08/2023 | Ahuja Book Co. Pvt. Ltd. | SGTU | 16974 | 617.525 H16Y | FD9039 | 10/08/2023 | 28/06/2023 | Books |